| 000 | 00582nam a22001937a 4500 | ||
|---|---|---|---|
| 003 | OSt | ||
| 005 | 20180116183041.0 | ||
| 008 | 160223b xxu||||| |||| 00| 0 eng d | ||
| 020 | _a08-255-91-1 | ||
| 024 | _208-255-91-1 | ||
| 040 | _cLahore University of Management Sciences | ||
| 082 | _a174.4 LUM 1991 | ||
| 100 | _a ALI I, RIAZ A | ||
| 245 |
_aTHE PRIME SERVICE GROUP OF COMPANIES _c ALI I, RIAZ A |
||
| 260 |
_aLahore _bLahore University of Management Sciences _c1991 |
||
| 300 |
_a28 p. _bPapers |
||
| 440 | _aTHE PRIME SERVICE GROUP OF COMPANIES | ||
| 942 |
_2ddc _cCS |
||
| 999 |
_c351235 _d351235 |
||